Novej chemickej politiky únie sa boja aj slovenské firmy
Európska komisia pripravila v r. 2003 návrh politiky pre chemický priemysel, tzv. systém REACH (registrácia, evaluácia a autorizácia chemikálií). Hlavným cieľom je zvýšiť bezpečnosť chemických látok pre občanov únie a životné prostredie. Zodpovednosť za informácie o chemikáliách prichádza zo štátu n...
Gespeichert in:
| 1. Verfasser: | |
|---|---|
| Format: | Buchkapitel |
| Sprache: | Slowakisch |
| Schlagworte: | |
| Tags: |
Keine Tags, Fügen Sie das erste Tag hinzu!
|
MARC
| LEADER | 00000naa$a2200000$$$4500 | ||
|---|---|---|---|
| 001 | 0017439 | ||
| 005 | 20231009075345.7 | ||
| 041 | 0 | |a slo | |
| 044 | |a SK | ||
| 245 | 1 | 0 | |a Novej chemickej politiky únie sa boja aj slovenské firmy |c aut. Peter Marčan |
| 520 | |a Európska komisia pripravila v r. 2003 návrh politiky pre chemický priemysel, tzv. systém REACH (registrácia, evaluácia a autorizácia chemikálií). Hlavným cieľom je zvýšiť bezpečnosť chemických látok pre občanov únie a životné prostredie. Zodpovednosť za informácie o chemikáliách prichádza zo štátu na priemysel. Súčasná legislatíva rozlišuje staré a nové látky. Zmeny pri testovaní. Obavy zo zvýšenia nákladov. Testovací program SPORT - jeho ciele. | ||
| 610 | 2 | 0 | |a priemysel chemický |
| 610 | 2 | 0 | |a látky chemické |
| 610 | 2 | 0 | |a ochrana prostredia životného |
| 610 | 2 | 0 | |a testy |
| 610 | 2 | 0 | |a náklady |
| 610 | 2 | 0 | |a Európska únia |
| 610 | 2 | 0 | |a bezpečnosť environmentálna |
| 610 | 2 | 0 | |a REACH |
| 100 | 1 | |a Marčan, Peter | |